000 00708nam a22001937a 4500
999 _c181529
_d181529
005 20220217125816.0
010 _aENG-129945
020 _c405.00
_a9 789388 548861
035 _aEN-113477
037 _bDBAD/PUB
082 _a342.54029
100 _aBASU
245 _aThe Constitution of india/
_cby Durga Das Basu
250 _a24th Edition
260 _bLexis Nexis publication
_a14th floor,Building No 10, Tower-B,DLF Cyber City, Phase-11,Gurgoan-122002,Haryana,India.
_c2020
270 _bHaryana, India
_a14th floor,Building No 10, Tower-B,DLF Cyber City, Phase-11,Gurgoan-122002,Haryana,India.
300 _a556pg
_c24cm
942 _2ddc
_cEN
_h342.54029
_mBAS
_e24th Edition